Normal view MARC view
  • जाधवर, सु. यु

Entry Personal Name

Number of records used in: 1

001 - CONTROL NUMBER

  • control field: 73837

003 - CONTROL NUMBER IDENTIFIER

  • control field: OSt

005 - DATE AND TIME OF LATEST TRANSACTION

  • control field: 20220806112552.0

008 - FIXED-LENGTH DATA ELEMENTS

  • fixed length control field: 220806|| aca||aabn | a|a d

040 ## - CATALOGING SOURCE

  • Original cataloging agency: OSt
  • Transcribing agency: OSt

100 ## - HEADING--PERSONAL NAME

  • Personal name: जाधवर, सु. यु

670 ## - SOURCE DATA FOUND

  • Source citation: Work cat.: (OSt)41148: जाधवर, सु. यु., पर्यावरणीय सतर्कता, 2014